<?xml version="1.0" encoding="UTF-8"?><?xml-stylesheet type="text/xsl" href="static/style.xsl"?><OAI-PMH xmlns="http://www.openarchives.org/OAI/2.0/" xmlns:xsi="http://www.w3.org/2001/XMLSchema-instance" xsi:schemaLocation="http://www.openarchives.org/OAI/2.0/ http://www.openarchives.org/OAI/2.0/OAI-PMH.xsd"><responseDate>2026-06-07T05:14:02Z</responseDate><request verb="GetRecord" identifier="oai:riuma.uma.es:10630/14634" metadataPrefix="marc">https://riuma.uma.es/rest/oai/request</request><GetRecord><record><header><identifier>oai:riuma.uma.es:10630/14634</identifier><datestamp>2026-02-03T12:04:58Z</datestamp><setSpec>com_10630_2254</setSpec><setSpec>col_10630_37959</setSpec></header><metadata><record xmlns="http://www.loc.gov/MARC21/slim" xmlns:dcterms="http://purl.org/dc/terms/" xmlns:doc="http://www.lyncode.com/xoai" xmlns:xsi="http://www.w3.org/2001/XMLSchema-instance" xsi:schemaLocation="http://www.loc.gov/MARC21/slim http://www.loc.gov/standards/marcxml/schema/MARC21slim.xsd">
   <leader>00925njm 22002777a 4500</leader>
   <datafield ind2=" " ind1=" " tag="042">
      <subfield code="a">dc</subfield>
   </datafield>
   <datafield ind2=" " ind1=" " tag="720">
      <subfield code="a">Atienza Alonso, David</subfield>
      <subfield code="e">author</subfield>
   </datafield>
   <datafield ind2=" " ind1=" " tag="260">
      <subfield code="c">2017-10-13</subfield>
   </datafield>
   <datafield ind2=" " ind1=" " tag="520">
      <subfield code="a">Continuous advances in manufacturing technologies are enabling the development of more powerful and compact high-performance computing (HPC) servers made of many-core processing architectures.&#xd;
However, this soaring demand for computing power in the last years has grown faster than  emiconductor technology evolution can sustain, and has produced as collateral undesirable effect a surge in power consumption and heat density in these new HPC servers, which result on significant performance degradation. In this keynote, I advocate to completely revise the current HPC&#xd;
server architectures. In particular, inspired by the mammalian brain, I propose to design a disruptive three-dimensional (3D) computing&#xd;
server architecture that overcomes the prevailing worst-case power and cooling provisioning paradigm for servers. This new 3D server design champions a new system-level thermal modeling, which can be&#xd;
used by novel proactive energy controllers for detailed heat and energy management in many-core HPC servers, thanks to micro-scale liquid cooling. Then, I will show the impact of new near-threshold&#xd;
computing architectures on server design, and how we can integrate new on-chip microfluidic fuel cell networks to enable energy-scalability in future generations of many-core HPC servers&#xd;
targeting Exascale computing.</subfield>
   </datafield>
   <datafield ind1="8" ind2=" " tag="024">
      <subfield code="a">http://hdl.handle.net/10630/14634</subfield>
   </datafield>
   <datafield tag="653" ind2=" " ind1=" ">
      <subfield code="a">Informática - Conferencias</subfield>
   </datafield>
   <datafield ind2="0" ind1="0" tag="245">
      <subfield code="a">System-Level Design of Energy-Proportional Many-Core Servers for Exascale Computing</subfield>
   </datafield>
</record>
</metadata></record></GetRecord></OAI-PMH>